000
00326nam a22001337a 4500
008
180109b xxu||||| |||| 00| 0 eng d
020
_a
0824504836
041
_a
eng
080
_a
821
100
_a
21
101
_a
GJL
245
_a
Sacred Texts of the World/ A Universal Anthology
_c
Smart, I & Hecht, R.D
942
_2
udc
_c
BK
999
_c
39920
_d
39920